000 00622fam a2200181 a 4500
082 0 0 _a900
_bCOL
_cN-01, P-155
100 1 _aCollingwood, R. G.
_96590
245 1 4 _aThe idea of history /
_cR.G. Collingwood ; edited with an introduction by Jan van der Dussen.
250 _aRev. ed., with lectures 1926-1928.
260 _aOxford :
_bClarendon Press,
_c1993.
300 _aliii, 510 p. ;
_c22 cm.
526 _a0
_b0
_c0
_d900_000000000000000_COL
526 _a0
_b0
_c0
_d900_000000000000000_COL
650 0 _aHistory
_xPhilosophy.
_96591
650 0 _aNUST
_96342
700 1 _aDussen, W. J. van der.
_96592
942 _2ddc
_cBK
999 _c549386
_d549386